Szczegóły MARC21

Sport i turystyka osób niepełnosprawnych /

003 -Nazwa inst., której nr kontr. jest w polu 001 [,]
    • @
    • Nazwa instytucji, której n kontrolny jest w polu 001
    • NUKAT
005 -DATA I CZAS OSTATNIEJ MODYFIKACJI [,]
    • @
    • pole kontrolne
    • 20241231102745.0
020 -Międzynarod. znormalizowany nr książki - ISBN [ , ]
    • a
    • Numer ISBN
    • 9788360880098 Find
    • z
    • Błędny ISBN (P)
    • 9878360880098 Find
    • z
    • Błędny ISBN (P)
    • 8360880098 Find
040 -Instytucja sporządzająca opis [ , ]
    • a
    • Instytucja, która sporządziła opis (NP)
    • KR 7/BZ
    • c
    • Instytucja, która sporządziła rekord (NP)
    • KR 7/BZ
    • d
    • Instytucja, która zmodyfikowała rekord (P)
    • KR 7/TS
    • d
    • Instytucja, która zmodyfikowała rekord (P)
    • KR 7/DZs
942 -Rodzaj dokumentu [ , ]
    • c
    • Rodzaj dokumentu
    • Książka
100 -Hasło główne - nazwa osobowa [1, ]
    • a
    • Nazwa osobowa (NP)
    • Halemba, Piotr
    • d
    • Daty biograficzne (NP)
    • (1966- ).
    • 9
    • KHW
    • 16452
245 -Strefa tytułu i oznaczenia odpowiedzialności [1,0]
    • a
    • Tytuł
    • Sport i turystyka osób niepełnosprawnych / Find
    • c
    • Pozostałe elementy strefy tytułu i oznaczenia odpowiedzialności (NP)
    • Piotr Halemba, Ryszard Harmaciński.
260 -Strefa adresu wydawniczego [ , ]
    • a
    • Miejsce wydania (P)
    • Kielce :
    • b
    • Nazwa wydawcy (P)
    • Wyższa Szkoła Umiejętności im. Stanisława Staszica,
    • c
    • Data wydania (P)
    • 2009.
300 -Strefa opisu fizycznego [ , ]
    • a
    • Określenie formy książki i/lub objętość (NP)
    • 254 s. :
    • b
    • Oznaczenie ilustracji (NP)
    • il. ;
    • c
    • Format (NP)
    • 24 cm.
336 -Typ zawartości [ , ]
    • a
    • Termin opisujący typ zawartości
    • Tekst
    • b
    • Kod określający zawartość
    • txt
    • 2
    • Źródło (terminu i kodu)
    • rdacontent
337 -Typ mediów [ , ]
    • a
    • Tryb odtwarzania
    • Bez urządzenia pośredniczącego
    • b
    • Kod typu mediów
    • n
    • 2
    • Źródło (terminu i kodu)
    • rdamedia
338 -Typ/rodzaj nośnika [ , ]
    • a
    • Hasło opisujące typ nośnika
    • Wolumin
    • b
    • Kod typu nośnika
    • nc
    • 2
    • Źródło (terminu i kodu)
    • rdacarrier
500 -Uwaga ogólna [ , ]
    • a
    • Uwaga ogólna (NP)
    • Na s. red. i okł. błędny ISBN.
504 -Uwaga dot. bibliogr. załącznikowej [ , ]
    • a
    • Uwaga dot. bibliografii załącznikowej
    • Bibliogr. s. 209-212.
080 -Uniwersalna Klasyfikacja Dziesiętna [ , ]
    • 2
    • Identyfikator wydania tablic
    • UDC-P058
    • 9
    • UKD
    • 6273
    • a
    • Symbol klasyfikacji
    • 796/799
    • b
    • Dopowiedzenie
    • Sport.
    • 4
    • UKD2
    • 8183
    • x
    • Poddział wspólny
    • -056.26
    • c
    • Dopowiedzenie poddz. wspólnego
    • -Niepełnosprawni fizycznie.
    • 4
    • UKD2
    • 8184
    • x
    • Poddział wspólny
    • -056.36
    • c
    • Dopowiedzenie poddz. wspólnego
    • -Niepełnosprawni (upośledzeni) umysłowo.
    • 4
    • UKD2
    • 21563
    • x
    • Poddział wspólny
    • -056.266
    • c
    • Dopowiedzenie poddz. wspólnego
    • Kalecy, inwalidzi, ułomni, niedołężni. Inwalidzi wskutek choroby, wypadku. Inwalidzi pracy.
080 -Uniwersalna Klasyfikacja Dziesiętna [ , ]
    • 2
    • Identyfikator wydania tablic
    • UDC-P058
    • 9
    • UKD
    • 6282
    • a
    • Symbol klasyfikacji
    • 796.032
    • b
    • Dopowiedzenie
    • Ruch olimpijski. Olimpiady. Igrzyska olimpijskie.
    • 4
    • UKD2
    • 8183
    • x
    • Poddział wspólny
    • -056.26
    • c
    • Dopowiedzenie poddz. wspólnego
    • -Niepełnosprawni fizycznie.
    • 4
    • UKD2
    • 8184
    • x
    • Poddział wspólny
    • -056.36
    • c
    • Dopowiedzenie poddz. wspólnego
    • -Niepełnosprawni (upośledzeni) umysłowo.
    • 4
    • UKD2
    • 21563
    • x
    • Poddział wspólny
    • -056.266
    • c
    • Dopowiedzenie poddz. wspólnego
    • Kalecy, inwalidzi, ułomni, niedołężni. Inwalidzi wskutek choroby, wypadku. Inwalidzi pracy.
080 -Uniwersalna Klasyfikacja Dziesiętna [ , ]
    • 2
    • Identyfikator wydania tablic
    • UDC-P058
    • 9
    • UKD
    • 3264
    • a
    • Symbol klasyfikacji
    • 338.48
    • b
    • Dopowiedzenie
    • Turystyka. Turyzm.
    • 4
    • UKD2
    • 8183
    • x
    • Poddział wspólny
    • -056.26
    • c
    • Dopowiedzenie poddz. wspólnego
    • -Niepełnosprawni fizycznie.
    • 4
    • UKD2
    • 8184
    • x
    • Poddział wspólny
    • -056.36
    • c
    • Dopowiedzenie poddz. wspólnego
    • -Niepełnosprawni (upośledzeni) umysłowo.
    • 4
    • UKD2
    • 21563
    • x
    • Poddział wspólny
    • -056.266
    • c
    • Dopowiedzenie poddz. wspólnego
    • Kalecy, inwalidzi, ułomni, niedołężni. Inwalidzi wskutek choroby, wypadku. Inwalidzi pracy.
650 -Hasło przedmiotowe [ ,7]
    • a
    • Hasło przedmiotowe
    • Sport dla osób z niepełnosprawnością.
    • 2
    • Źródło terminu
    • kaba
    • 9
    • KHW
    • 221664
650 -Hasło przedmiotowe [ ,7]
    • a
    • Hasło przedmiotowe
    • Sport dla osób z niepełnosprawnością
    • z
    • Określnik geograficzny
    • Polska.
    • 2
    • Źródło terminu
    • kaba
    • 9
    • KHW
    • 365554
650 -Hasło przedmiotowe [ ,7]
    • a
    • Hasło przedmiotowe
    • Osoby z niepełnosprawnością
    • x
    • Określnik rzeczowy
    • podróże
    • z
    • Określnik geograficzny
    • Polska
    • y
    • Określnik chronologiczny
    • 1990-.
    • 2
    • Źródło terminu
    • kaba
    • 9
    • KHW
    • 364978
650 -Hasło przedmiotowe [ ,7]
    • a
    • Hasło przedmiotowe
    • Sport
    • x
    • Określnik rzeczowy
    • historia.
    • 2
    • Źródło terminu
    • kaba
    • 9
    • KHW
    • 365553
980 -Symbol UKD [ , ]
    • a
    • UKD
    • 796/799:796.032:338.48]-056.26/.266-056.36
700 -Hasło dodatkowe - nazwa osobowa [1, ]
    • a
    • Nazwa osobowa (NP)
    • Harmaciński, Ryszard. Find
    • 9
    • KHW
    • 42602
920 -ISBN [ , ]
    • a
    • ISBN
    • 978-83-60880-09-8 Find
    • z
    • Błędny ISBN
    • 987-83-60880-09-8 Find
    • z
    • Błędny ISBN
    • 83-60880-09-8 Find
Data inwentaryzacji Status udost. Lokalizacja Sygnatura Numer inwentarzowy
2012-04-271BMOsoby niepełnosprawne 30WF.9015